Loading...
| Science - Physics | 0 | 6 | 0 | 0 | 60 | 62 | 79.50 | 0 | 1 | 19.25 | 31.70 |
| Science - Chemistry | 0 | 7 | 2 | 0 | 60 | 52 | 74.71 | 1 | 4 | 26.44 | 45.67 |
| History - European | 0 | 3 | 1 | 0 | 25 | 57 | 74.00 | 0 | 2 | 12.07 | 17.89 |
| Mythology | 0 | 2 | 0 | 0 | 20 | 79 | 85.50 | 0 | 0 | 7.76 | 8.28 |
| Social Science | 0 | 2 | 0 | 0 | 20 | 45 | 79.00 | 1 | 1 | 7.32 | 14.00 |
| Fine Arts - Other | 0 | 2 | 0 | 0 | 20 | 112 | 123.50 | 0 | 2 | 1.74 | 15.78 |
| Science - Biology | 0 | 2 | 0 | 0 | 20 | 61 | 68.50 | 1 | 2 | 8.76 | 15.00 |
| Science - Other | 0 | 2 | 1 | 1 | 15 | 99 | 114.00 | 0 | 0 | 2.40 | 8.00 |
| Other Academic | 0 | 1 | 0 | 0 | 10 | 78 | 78.00 | 0 | 0 | 16.67 | 15.00 |
| History - Other | 0 | 1 | 0 | 1 | 10 | 124 | 124.00 | 0 | 0 | 0.00 | 1.00 |
| History - World | 0 | 1 | 0 | 0 | 10 | 121 | 121.00 | 0 | 0 | 0.40 | 4.00 |
| Literature - American | 0 | 1 | 0 | 0 | 10 | 54 | 54.00 | 0 | 1 | 6.38 | 9.00 |
| Pop Culture | 0 | 1 | 0 | 0 | 10 | 88 | 88.00 | 0 | 0 | 11.28 | 11.11 |
| Religion | 0 | 1 | 0 | 1 | 10 | 136 | 136.00 | 0 | 0 | 0.00 | 2.00 |
| Fine Arts - Classical Music | 0 | 0 | 1 | 0 | -5 | 0.00 | 0 | 0 | 0.00 | 0.00 |